| 000 | 00000nas 2200000zi 4500 |
| 001 | 9.918833 |
| 003 | CaOODSP |
| 005 | 20230105084808 |
| 006 | m o d f |
| 007 | cr cn||||||||| |
| 008 | 230104c20229999oncux m o||||f| |0mic|d |
| 040 | |aCaOODSP|beng|erda|cCaOODSP |
| 043 | |an-cn--- |
| 086 | 1 |aYC25-0Mic-PDF |
| 110 | 1 |aCanada. |bParliament. |bSenate. |bStanding Committee on Fisheries and Oceans, |eauthor, |eissuing body. |
| 245 | 10|a[Report of the Standing Senate Committee on Fisheries and Oceans]. |
| 264 | 1|a[Ottawa] : |b[Senate of Canada], |c2022- |
| 310 | |aIrregular |
| 336 | |atext|btxt|2rdacontent |
| 337 | |acomputer|bc|2rdamedia |
| 338 | |aonline resource|bcr|2rdacarrier |
| 362 | 1 |aBegan with : [44th Parliament, 1st Session, 4th report]. |
| 500 | |aIssued also in English under title: Report of the Standing Senate Committee on Fisheries and Oceans. |
| 546 | |aText in Mi'kmaq. |
| 650 | 0|aFishery policy|zCanada. |
| 775 | 08|tReport of the Standing Senate Committee on Fisheries and Oceans |w(CaOODSP)9.505799 |
| 788 | |t[Rapport du Comité sénatorial permanent des pêches et océans].|efre|w(CaOODSP)9.918837 |